000 01455cam a22002657i 4500
008 210809s2021 stka b 001 0 eng d
020 _a0702049557
020 _a9780702049552
050 0 0 _aRJ255.5
_b.E935 2021
082 0 4 _a618.9201
245 0 0 _aExamination of the newborn and neonatal health :
_ba multidimensional approach /
_cedited by Lorna Davies, RN, RM, BSc (Hons), PGCEA, MA PhD, Academic Manager Nursing, Midwifery and Allied Health Ara Institute of Canterbury, Christchurch, Canterbury, New Zealand, Sharon McDonald, RN, RM, BSc (Hons), PGCEA, MA, PGCE, PFHEA, DClinPrac, Public Health Midwife Smoking Cessation and Healthly Lifestyle Lead Family and Women's Services Princess Alexandra Hospita, Harlow, UK ; foreword by Stephanie Michaelides, Programme Leader Graduate/Post Graudate Certificate in Neonatal Care School of Health and Education, Middlesex University, Hendon, London, UK.
250 _aSecond edition.
260 _aUnited State
_bElsevier Ltd
_c2021
300 _axi, 286 pages :
_billustrations (some color) ;
500 _aFirst edition2008
650 0 _aNewborn infants
_xMedical examinations.
650 0 _aNewborn infants
_xDiseases
_xDiagnosis.
650 2 _aInfant, Newborn.
650 1 2 _aInfant, Newborn, Diseases
_xdiagnosis.
650 7 _aNewborn infants
_xDiseases
_xDiagnosis.
650 7 _aNewborn infants
_xMedical examinations.
700 1 _aDavies, Lorna,
700 1 _aMcDonald, Sharon,
942 _cBK
999 _c2378
_d2378